[Event "HUN-chT2 Szechenyi 0809"]
[Site "Hungary"]
[Date "2009.01.11"]
[Round "5.6"]
[White "Nemeth, Jozsef"]
[Black "Kovacs, Mitja"]
[Result "0-1"]
[WhiteElo "2088"]
[BlackElo "2102"]
[PlyCount "86"]
[EventDate "2008.10.26"]
[EventType "team-tourn"]
[EventRounds "11"]
[EventCountry "HUN"]
[SourceTitle "EXT 2010"]
[Source "ChessBase"]
[SourceDate "2010.11.25"]
[SourceVersion "1"]
[SourceVersionDate "2010.11.25"]
[SourceQuality "1"]
[WhiteTeam "Zala Volan"]
[BlackTeam "Alsoszolnok"]
[WhiteTeamCountry "HUN"]
[BlackTeamCountry "HUN"]

1. d4 d5 2. c4 e6 3. Nc3 Nf6 4. cxd5 exd5 5. Bg5 c6 6. e3 Bd6 7. Bd3 h6 8. Bh4 Be6 9. Qc2 0-0 10. Nge2 Re8 11. f3 Nbd7 12. e4 dxe4 13. fxe4 Bc7 14. 0-0 c5 15. d5 Bg4 16. Bg3 Nh5 17. Bf2 Ne5 18. Bb5 Bd7 19. Bxd7 Qxd7 20. Ng3 Nxg3 21. Bxg3 Bd6 22. Rae1 a6 23. b3 b5 24. Nd1 Rac8 25. Ne3 c4 26. Bxe5 Bxe5 27. bxc4 Bd4 28. Qd3 Rxc4 29. Kh1 Bxe3 30. Rxe3 Qd6 31. Rfe1 Qe5 32. Kg1 Rec8 33. Qa3 Ra4 34. Qb3 Rac4 35. Qa3 Rc2 36. Qxa6 Qb2 37. Rg3 Rc1 38. Rge3 R8c2 39. Qd6 Rxg2+ 40. Kh1 Rg6 41. Qxg6 fxg6 42. d6 Qd2 43. d7 Rxe1+ 0-1

[Event "HUN-chT2 Charousek 0607"]
[Site "Hungary"]
[Date "2006.12.03"]
[Round "3"]
[White "Kovacs, Mitja"]
[Black "Monda, Laszlo"]
[Result "0-1"]
[WhiteElo "2090"]
[BlackElo "2165"]
[PlyCount "50"]
[EventDate "2006.11.12"]
[EventType "team"]
[EventRounds "11"]
[EventCountry "HUN"]
[SourceTitle "EXT 2008"]
[Source "ChessBase"]
[SourceDate "2007.11.25"]
[SourceVersion "1"]
[SourceVersionDate "2007.11.25"]
[SourceQuality "1"]
[WhiteTeam "Szentgotthard"]
[BlackTeam "Tapolca"]
[WhiteTeamCountry "HUN"]
[BlackTeamCountry "HUN"]

1. e4 c5 2. Nf3 e6 3. d4 cxd4 4. Nxd4 a6 5. Be3 Nf6 6. Nc3 Qc7 7. Bd3 Bb4 8. Bd2 0-0 9. 0-0 Bd6 10. g3 Nc6 11. Nb3 Be7 12. f4 d6 13. a4 b6 14. g4 Rd8 15. g5 Ne8 16. Rf3 g6 17. Qe1 Ng7 18. Qh4 h5 19. Ne2 d5 20. Ng3 Bb7 21. Bc3 d4 22. Bd2 Nb4 23. Bxb4 Bxb4 24. Rf2 Rd7 25. Nd2 b5 0-1

[Event "HUN-chT2 Charousek 0506"]
[Site "Hungary"]
[Date "2006.03.19"]
[Round "9"]
[White "Fodor, Tamas Sr"]
[Black "Kovacs, Mitja"]
[Result "1-0"]
[WhiteElo "2002"]
[BlackElo "2114"]
[PlyCount "107"]
[EventDate "2005.10.16"]
[EventType "team"]
[EventRounds "11"]
[EventCountry "HUN"]
[SourceTitle "EXT 2009"]
[Source "ChessBase"]
[SourceDate "2008.11.26"]
[SourceVersion "1"]
[SourceVersionDate "2008.11.26"]
[SourceQuality "1"]
[WhiteTeam "Paks II"]
[BlackTeam "Szentgotthard"]
[WhiteTeamCountry "HUN"]
[BlackTeamCountry "HUN"]

1. d4 d5 2. c4 e6 3. Nc3 Nf6 4. Nf3 Be7 5. cxd5 exd5 6. Bg5 h6 7. Bh4 c6 8. e3 Ne4 9. Bxe7 Qxe7 10. Nd2 0-0 11. Ndxe4 dxe4 12. Qc2 f5 13. Ne2 Be6 14. Nf4 Bf7 15. a3 Nd7 16. g3 Nb6 17. Bh3 Qf6 18. Qc5 Nd5 19. Rc1 Kh8 20. Nxd5 Bxd5 21. Bf1 g5 22. h4 g4 23. Be2 Rfe8 24. Qa5 Re7 25. 0-0 Qe6 26. Qc5 b5 27. Ra1 Rb7 28. a4 bxa4 29. Ba6 Rxb2 30. Rxa4 Rb6 31. Rfa1 Rab8 32. Bf1 Rb1 33. Kg2 Rxa1 34. Rxa1 Rb7 35. Rxa7 Rxa7 36. Qxa7 Qf7 37. Qb8+ Kg7 38. Ba6 Qg8 39. Qe5+ Kg6 40. Bb7 Qf7 41. Bc8 Qf6 42. h5+ Kg5 43. Qf4+ Kxh5 44. Bxf5 Qg7 45. Bc8 Qg5 46. Qf8 Qg8 47. Qf5+ Qg5 48. Qd7 Qg6 49. Kg1 Bc4 50. Qe7 Qg5 51. Qxe4 Be2 52. Bf5 Qf6 53. f4 Qf7 54. Bg6+ 1-0

[Event "HUN-chT2 Charousek 0506"]
[Site "Hungary"]
[Date "2005.11.27"]
[Round "4"]
[White "Ress, Tamas"]
[Black "Kovacs, Mitja"]
[Result "1-0"]
[WhiteElo "2147"]
[BlackElo "2114"]
[PlyCount "81"]
[EventDate "2005.10.16"]
[EventType "team"]
[EventRounds "11"]
[EventCountry "HUN"]
[SourceTitle "EXT 2009"]
[Source "ChessBase"]
[SourceDate "2008.11.26"]
[SourceVersion "1"]
[SourceVersionDate "2008.11.26"]
[SourceQuality "1"]
[WhiteTeam "Gyor Elektromos"]
[BlackTeam "Szentgotthard"]
[WhiteTeamCountry "HUN"]
[BlackTeamCountry "HUN"]

1. d4 d5 2. c4 e6 3. Nf3 Nf6 4. g3 Be7 5. Bg2 0-0 6. 0-0 dxc4 7. Nbd2 c6 8. Nxc4 b5 9. Nce5 Bb7 10. Qc2 Qb6 11. Bg5 h6 12. Bxf6 Bxf6 13. b4 Rd8 14. e3 a5 15. a3 Nd7 16. Nd3 Ra6 17. Nc5 Nxc5 18. dxc5 Qc7 19. Rad1 Raa8 20. Nd2 a4 21. Ne4 Be7 22. Rxd8+ Rxd8 23. Rd1 Rd7 24. Kf1 f5 25. Nd6 Bxd6 26. Qd3 Kf7 27. cxd6 Qd8 28. Qd4 Qf6 29. Qc5 Qb2 30. Bxc6 Qb3 31. Ke1 Bxc6 32. Qxc6 Ke8 33. Qc8+ Rd8 34. Qc6+ Rd7 35. Ke2 g5 36. Qxb5 Qxa3 37. Qc4 Qb3 38. Qd4 a3 39. Qh8+ Kf7 40. Qh7+ Ke8 41. Qg8# 1-0